Câu hỏi và bài tập cơ sở hóa học hữu cơ
Mỗi chương sách đều có những bài tập trong giáo trình và phần chủ yếu là những bài tập ngoài giáo trình nhằm củng cố, mở rộng và nâng cao kiến thức trong giáo trình.
محفوظ في:
| المؤلف الرئيسي: | |
|---|---|
| التنسيق: | كتاب |
| اللغة: | Undetermined |
| منشور في: |
Hà Nội
Nxb. Đại học Sư phạm
2015
|
| الموضوعات: | |
| الوسوم: |
إضافة وسم
لا توجد وسوم, كن أول من يضع وسما على هذه التسجيلة!
|
| Thư viện lưu trữ: | Trung tâm Học liệu Trường Đại học Cần Thơ |
|---|
| LEADER | 00975nam a2200217Ia 4500 | ||
|---|---|---|---|
| 001 | CTU_224104 | ||
| 008 | 210402s9999 xx 000 0 und d | ||
| 020 | |c 79000 | ||
| 082 | |a 547.0076 | ||
| 082 | |b L309/T.1 | ||
| 100 | |a Đặng, Văn Liếu | ||
| 245 | 0 | |a Câu hỏi và bài tập cơ sở hóa học hữu cơ | |
| 245 | 0 | |c Đặng Văn Liếu, Trần Quốc Sơn, Nguyễn Văn Tòng | |
| 260 | |a Hà Nội | ||
| 260 | |b Nxb. Đại học Sư phạm | ||
| 260 | |c 2015 | ||
| 520 | |a Mỗi chương sách đều có những bài tập trong giáo trình và phần chủ yếu là những bài tập ngoài giáo trình nhằm củng cố, mở rộng và nâng cao kiến thức trong giáo trình. | ||
| 650 | |a Chemistry, organic,Hóa học hữu cơ | ||
| 650 | |x Problems exercies etc | ||
| 904 | |i Trọng Hải | ||
| 980 | |a Trung tâm Học liệu Trường Đại học Cần Thơ | ||